| 000 | 00570nam a2200181 i 4500 | ||
|---|---|---|---|
| 001 | 97823 | ||
| 003 | ES-MaACL | ||
| 005 | 20230906182151.0 | ||
| 007 | t| | ||
| 008 | 050719s1939 sp ||||1| spa d | ||
| 100 | 1 |
_aMarín Negueruela, Nicolás. _976803 |
|
| 245 | 1 | 0 |
_aLecciones de Apologética / _cpor Nicolás Marín Negueruela. |
| 250 | _a5ª ed. | ||
| 260 |
_aSan Sebastián : _b[s.n.], _c1939 ( _fImp. Moret) |
||
| 300 |
_a2 v. ; _c23 cm. |
||
| 505 | 8 | _aContiene: V.I-- Religión. V.II-- El Cristianismo. El Catolicismo | |
| 852 |
_aES-MaACL _jA-4823-24 _bR.16772 |
||
| 999 |
_c97823 _d97823 |
||